000 00735nam a2200241 a 4500
001 BRCA_2614
005 20190320203906.0
008 281108s1919----gw-a---###---#000-0#ger-u
050 4 _aNE670
_b.H57 1919
100 1 _aHirschmann, Otto
_97457
245 1 0 _aHendrick Goltzius
_cvon Otto Hirschmann.
260 _aLeipzig, Alemania
_bKlinkhardt & Biermann
_c1919
300 _a187 p.
_bil., 49 láminas
_c30 cm.
440 0 _aMeister der Graphik
_n7
_97458
500 _aIncluye índice de láminas.
500 _aA75
600 1 4 _aGoltzius, Hendrik
_d1558-1617
_97459
650 1 4 _aGrabadores holandeses
_97366
650 1 4 _aPintores holandeses
_97460
650 1 4 _aAguafuertistas holandeses
_97461
902 _aGFM
942 _2lcc
_cB
999 _c2354
_d2354